Terrorism today / (Record no. 24816)
[ view plain ]
| 000 -LEADER | |
|---|---|
| fixed length control field | 01522cam a22003615a 4500 |
| 001 - CONTROL NUMBER | |
| control field | 14849907 |
| 005 - DATE AND TIME OF LATEST TRANSACTION | |
| control field | 20170509150000.0 |
| 008 - FIXED-LENGTH DATA ELEMENTS--GENERAL INFORMATION | |
| fixed length control field | 070514s2008 enk frb 001 0 eng d |
| 010 ## - LIBRARY OF CONGRESS CONTROL NUMBER | |
| LC control number | 2007020110 |
| 015 ## - NATIONAL BIBLIOGRAPHY NUMBER | |
| National bibliography number | GBA709839 |
| Source | bnb |
| 016 7# - NATIONAL BIBLIOGRAPHIC AGENCY CONTROL NUMBER | |
| Record control number | 013660653 |
| Source | Uk |
| 020 ## - INTERNATIONAL STANDARD BOOK NUMBER | |
| International Standard Book Number | 9780415773010 (pbk.) |
| 020 ## - INTERNATIONAL STANDARD BOOK NUMBER | |
| International Standard Book Number | 0415773016 (pbk.) |
| 035 ## - SYSTEM CONTROL NUMBER | |
| System control number | (OCoLC)ocm82671751 |
| 040 ## - CATALOGING SOURCE | |
| Original cataloging agency | DLC |
| Language of cataloging | eng |
| Transcribing agency | DLC |
| Modifying agency | UKM |
| -- | BAKER |
| -- | BTCTA |
| -- | BWKUK |
| -- | BWK |
| -- | YDXCP |
| -- | NLGGC |
| -- | KAAUA |
| -- | DLC |
| 082 04 - DEWEY DECIMAL CLASSIFICATION NUMBER | |
| Classification number | 363.325 |
| Item number | HAR |
| Edition number | 22 |
| 100 1# - MAIN ENTRY--PERSONAL NAME | |
| Personal name | Harmon, Christopher C. |
| 245 10 - TITLE STATEMENT | |
| Title | Terrorism today / |
| Statement of responsibility, etc | Christopher C. Harmon. |
| 250 ## - EDITION STATEMENT | |
| Edition statement | 2nd ed. |
| 260 ## - PUBLICATION, DISTRIBUTION, ETC. (IMPRINT) | |
| Place of publication, distribution, etc | London ; |
| -- | New York : |
| Name of publisher, distributor, etc | Routledge, |
| Date of publication, distribution, etc | 2008. |
| 300 ## - PHYSICAL DESCRIPTION | |
| Extent | xi, 231 p. ; |
| Dimensions | 26 cm. |
| 490 0# - Series Statement | |
| Series statement | Political violence |
| 500 ## - GENERAL NOTE | |
| General note | "Simultaneously published in the USA and Canada by Routledge"--T.p. verso. |
| 500 ## - GENERAL NOTE | |
| General note | "First edition published in 2000 by Frank Cass Publishers, London" -- T.p. verso. |
| 504 ## - BIBLIOGRAPHY, ETC. NOTE | |
| Bibliography, etc | Includes bibliographical references (p. 208-217) and index. |
| 505 0# - FORMATTED CONTENTS NOTE | |
| Formatted contents note | Introduction to the second edition -- Politics and policies -- Strategies of terrorist groups -- Operations : funding terror -- Technologies and tactics -- Counterterrorism -- How terror groups end -- Glossary of terrorist groups -- Select bibliography. |
| 650 #7 - SUBJECT ADDED ENTRY--TOPICAL TERM | |
| Topical term or geographic name as entry element | Terrorism. |
| Source of heading or term | BUEsh |
| 650 #7 - SUBJECT ADDED ENTRY--TOPICAL TERM | |
| Topical term or geographic name as entry element | Terrorism |
| General subdivision | Prevention. |
| Source of heading or term | BUEsh |
| 9 (RLIN) | 15784 |
| 651 ## - SUBJECT ADDED ENTRY--GEOGRAPHIC NAME | |
| Source of heading or term | BUEsh |
| 653 ## - INDEX TERM--UNCONTROLLED | |
| Resource For college | Law |
| -- | BAEPS, Political Science |
| Arrived date list | May2017 |
| 856 41 - ELECTRONIC LOCATION AND ACCESS | |
| Materials specified | Table of contents only |
| Uniform Resource Identifier | <a href="http://www.loc.gov/catdir/toc/ecip0718/2007020110.html">http://www.loc.gov/catdir/toc/ecip0718/2007020110.html</a> |
| 942 ## - ADDED ENTRY ELEMENTS (KOHA) | |
| Source of classification or shelving scheme | Dewey Decimal Classification |
| Withdrawn status | Item status | Source of classification or shelving scheme | Damaged status | Not for loan | Vendor | Home library | Current library | Shelving location | Date acquired | Source of acquisition | Cost, normal purchase price | Serial Enumeration / chronology | Total Checkouts | Full call number | Barcode | Date last seen | Cost, replacement price | Koha item type |
|---|---|---|---|---|---|---|---|---|---|---|---|---|---|---|---|---|---|---|
| Dewey Decimal Classification | Scientific_Group | Central Library | Central Library | First floor | 09/05/2017 | Purchase | 320.00 | 666 | 363.325 HAR | 000046074 | 15/07/2025 | 400.00 | Book - Borrowing |